| 000 | 00882nac a22003017a 4500 | ||
|---|---|---|---|
| 001 | BR0101047 | ||
| 003 | BR-BrBNA | ||
| 005 | 20240105122519.0 | ||
| 008 | 230509b bl.|||m| |||| 00| 0 por d | ||
| 040 |
_aBR-BrBNA _bpor _cBiblioteca Nacional de Agricultura |
||
| 072 | _aQ80 | ||
| 090 | _a1624 BR0101047 | ||
| 100 | 1 | _aMoretti, C.L. | |
| 100 | 1 | _aCarnelossi, M.A.G. | |
| 100 | 1 | _aSilva, E.O. | |
| 100 | 1 | _aPuschmann, R. | |
| 110 | 1 | _aEMBRAPA Hortalicas, Brasilia, DF (Brasil) | |
| 245 | 1 | _aProcessamento minimo de couve | |
| 260 | 3 |
_aBrasilia, DF (Brasil): _c2000. |
|
| 300 | _a3 p. | ||
| 490 |
_aComunicado Tecnico - EMBRAPA Hortalicas (Brazil) _vno. 13 _xISSN 1414-9850 |
||
| 650 | _aCouve | ||
| 650 | _aArmazenamento de Alimento | ||
| 650 | _aEmbalagem | ||
| 650 | _aPos-Colheita | ||
| 909 |
_a202312 _bLúcia Elande _c55 _dLúcia Elande |
||
| 942 |
_2AGRIS _n0 _cMS |
||
| 999 |
_c291428 _d291428 |
||